| 000 | 00773nam a22002057a 4500 | ||
|---|---|---|---|
| 999 |
_c19901 _d19901 |
||
| 003 | AR-CdUCM | ||
| 008 | 190523b ||||| |||| 00| 0 spa d | ||
| 040 |
_aMUNICIPALIDAD PROVINCIAL DEL CUSCO _cBIBLIOTECA MUNICIPAL DEL CUSCO |
||
| 082 |
_a621.3112 / _bA31 |
||
| 100 |
_aAguedo, José _916187 |
||
| 245 |
_aEnergía y región : _bel debate sobre energía regional / |
||
| 260 |
_aPiura : _bCentro de Invest. y Promoción del Campesino, _c1994. |
||
| 300 |
_a197 páginas ; _c22 cm. |
||
| 505 | _aContenido: Oferta energética -- Demanda energética -- Gestión de energía -- Mesa de trabajo energía regional... | ||
| 650 |
_aEnergía _915841 |
||
| 650 |
_aMesas de trabajo _941609 |
||
| 650 |
_aIngeniería _910043 |
||
| 942 |
_2ddc _cLIBROS |
||
| 945 |
_adavv _d2019-05-23 |
||